Výnosy z predaja Slovenskej sporiteľne znížia verejný dlh
Rozhodnutie vlády SR o rozdelení výnosov z predaja akcií Slovenskej sporiteľne (SLSP), a.s. Bratislava. FNM SR chcel použiť celý výnos z predaja sporiteľne na výplatu dlhopisov, čo vláda neakceptovala. MF SR použije časť výnosov na úhradu splátok úverov so štátnou garanciou splatných v júni 2001, kt...
Saved in:
| Main Author: | |
|---|---|
| Format: | Book Chapter |
| Language: | Slovak |
| Subjects: | |
| Tags: |
No Tags, Be the first to tag this record!
|
MARC
| LEADER | 00000naa a2200000 4500 | ||
|---|---|---|---|
| 001 | r040825 | ||
| 005 | 20230921111100.9 | ||
| 041 | 0 | |a slo | |
| 044 | |a SK | ||
| 245 | 1 | 0 | |a Výnosy z predaja Slovenskej sporiteľne znížia verejný dlh |c Andrea Medžová |
| 520 | |a Rozhodnutie vlády SR o rozdelení výnosov z predaja akcií Slovenskej sporiteľne (SLSP), a.s. Bratislava. FNM SR chcel použiť celý výnos z predaja sporiteľne na výplatu dlhopisov, čo vláda neakceptovala. MF SR použije časť výnosov na úhradu splátok úverov so štátnou garanciou splatných v júni 2001, ktoré čerpali podniky s významnou majetkovou účasťou štátu. Ďalej sa zaplatia záväzky a výdavky FNM SR súvisiace s privatizáciou. Na vyplácanie dlhopisov zostane málo peňazí. | ||
| 610 | 2 | 0 | |a privatizácia |
| 610 | 2 | 0 | |a výnosy |
| 610 | 2 | 0 | |a dlhy verejné |
| 610 | 2 | 0 | |a splátky |
| 610 | 2 | 0 | |a úver |
| 610 | 2 | 0 | |a podnik štátny |
| 610 | 2 | 0 | |a záväzky |
| 610 | 2 | 0 | |a výdavky |
| 610 | 2 | 0 | |a dlhopisy |
| 610 | 2 | 0 | |a Slovenská sporiteľňa, a.s. Bratislava |
| 610 | 2 | 0 | |a FNM SR Bratislava |
| 100 | 1 | |a Medžová, Andrea | |